00786cam a22002171 4500001001300000003000400013005001700017008004100034010001700075035001800092040001800110042001200128050001600140110006900156245019700225260004600422300001800468650002200486650004300508999001700551sa 68018027 DLC20260227112708.0740328s1966 xx 000 0 ind  asa 68018027  a(OCoLC)844673 aDLCcOAUdDLC apremarc00aHN707b.D482 aDewan Gereja-Gereja di Indonesia.bKomisi Bantuan Antar Geredja.10aPelajanan bantuan antar geredja;bkumpulan hasil² persidangan konsultasi jang diselenggarakancoleh Komisi Bantuan Antar Geredja D. G. I. di Wisma Oikumene, Sukabumi dari tgl. 26-30 Mei 1965. aDjakarta,bBadan Penerbit Kristenc[1966] a74 p.c19 cm. 0aChurch charities. 0aChurch and social problemszIndonesia. c88124d88124